Catarina no colégio de Santa Clara (Registo nº 1358)

Detalhes MARC
000 -Etiqueta do registo
Cabeçalho 00655nam0a2200241 4500
005 - Identificador da versão
Campo de controlo 20240822203029.0
010 ## - Número internacional normalizado dos livros (ISBN)
Número (ISBN) 9789895558193
021 ## - Número do Depósito Legal
Código do país PT
Número 334030/11
100 ## - Dados gerais de processamento
Dados gerais de processamento 20160608d2011 a y0pory5003 ba
101 1# - Língua de publicação
Língua do texto, banda sonora, etc. Português
Língua do documento no original Inglês
102 ## - Pais de publicação ou produção
País de publicação Portugal
200 1# - Titulo e menção de responsabilidade
Título próprio Catarina no colégio de Santa Clara
Primeira menção de responsabilidade Enid Blyton
205 ## - Menção da edição
Menção da edição 2ª ed
210 ## - Publicação, Distribuição, etc. 
Lugar da edição, distribuição, etc. Alfragide
Nome do editor, distribuidor, etc. Oficina do Livro
Data da publicação, distribuição, etc. 2011
215 ## - Descrição física 
Indicação específica da natureza do documento e extensão da espécie 186, [2] p
225 2# - Colecção 
Título próprio da colecção As gémeas
Indicação de volume 6
606 ## - Nome comum usado como assunto
Número de registo de entrada de autoridade 0002043
Palavra de ordem Literatura inglesa
Subdivisão de assunto Romances de aventuras
Código do sistema CA
675 ## - Classificação Decimal Universal (CDU)
Notação 821.111-311.3
Edição 3ª ed.
Língua da edição por
700 #1 - Nome de autor-pessoa física (responsabilidade principal)
Número de registo de entrada de autoridade 0001735
Palavra de ordem Blyton
Outra parte do nome não tomada para palavra de ordem Enid
Datas 1897-1968
942 ## - Elementos de entrada adicionados (Koha)
Tipo de item no Koha Livro
966 ## - Identificação da Biblioteca
Sigla EB2,3ENM
Exemplares
Situação do levantamento Origin of item (home branch) (coded) Biblioteca de empréstimo Código de barras Cota Circulation type (not for loan) Tipo de documento Nota do exemplar Damaged status
  Biblioteca Escolar Eng. Nuno Mergulhão Biblioteca Escolar Eng. Nuno Mergulhão BENM3054 82LE-3 BLY   Livro Sem mensagem